000 00319nam a22001337a 4500
008 260414b ||||| |||| 00| 0 eng d
020 _a9788779897700
041 _aeng
080 _a1.1
100 _a30
101 _apsikologji
245 _aScientology the Fundamentals of Thought
_cL.Ron Hubbard
942 _2udc
_cBK
999 _c60968
_d60968